000 00541nam a2200169 i 4500
001 78591
003 ES-MaACL
005 20230906173745.0
007 t|
008 041015s1940 gw ||||1| ger d
100 1 _aHaushofer, Karl.
_962120
245 1 4 _aDas Werden des deutschen Volkes /
_cherausgegeben von Karl Haushofer und Hans Roeseler.
260 _aPropylèaen, Berlin :
_b[Gedruckt im Deutschen Verlag,
_c1940]
300 _a569 p., 145 lám. ;
_c24 cm.
700 1 _aRoseler, Hans.
_999680
852 _aES-MaACL
_jF-15544
_bR.19170
999 _c78591
_d78591